Bioprinting – využitie tlačových techník v tkanivovom inžinierstve

Salvato in:
Dettagli Bibliografici
Autore principale: Onufráková, Michaela (Autore)
Altri autori: Čeppan, Michal (Relatore della tesi)
Natura: Manoscritto Libro
Lingua:slovacco
Pubblicazione: 2018
Soggetti:
Accesso online:http://is.stuba.sk/zp/portal_zp.pl?podrobnosti=124546
Tags: Aggiungi Tag
Nessun Tag, puoi essere il primo ad aggiungerne!!

MARC

LEADER 00000ntm a22000003a 4500
001 stuzp69874
003 SK-STU
005 20180623211128.2
007 ta
008 150427s2015----xo-----f-mn---000-0-slo-d
040 |a STU  |b slo 
041 0 |a slo 
100 1 |a Onufráková, Michaela  |u 049160  |4 aut  |U FCHPT Ústav prírodných a syntetických polymérov  |T FCHPT Oddelenie polygrafie a aplikovanej fotochémie  |X 76841  |U C9160  |Y 127  |7 76841 
242 0 1 |a Bioprinting – Application of Printing Processes in Tissue Engineering  |y eng 
245 1 0 |a Bioprinting – využitie tlačových techník v tkanivovom inžinierstve 
260 |c 2018 
650 4 |a biotlač  |2 slo 
650 4 |a skafold  |2 slo 
650 4 |a biomateriály  |2 slo 
650 4 |a scaffolds  |2 eng 
650 4 |a bioprinting  |2 eng 
650 4 |a biomaterials  |2 eng 
700 1 |a Čeppan, Michal  |u 049160  |k Z1  |4 ths  |U FCHPT Ústav prírodných a syntetických polymérov  |T FCHPT Oddelenie polygrafie a aplikovanej fotochémie  |X 3317  |U C9160  |Y 127  |7 A000003317 
856 4 |u http://is.stuba.sk/zp/portal_zp.pl?podrobnosti=124546